000 00414nam a2200145Ia 4500
008 220120s9999||||xx |||||||||||||| ||und||
020 _a9788126524563
082 _a004.165 RAY
100 _aRay, A K and Bhurchandi, Kishor M
_912862
245 0 _aAdvanced Microprocessors and Peripherals
250 _a2
260 _aTata mc graw hill
_bNew Delhi
_c2011
300 _axlvi;810
_b459
650 _aCOMPUTER SCIENCE
999 _c132542
_d132542